000 00535nam a2200133Ia 4500
005 20260209120150.0
008 260209s9999||||xx |||||||||||||| ||und||
100 _aPankaj Kumar Raj
245 0 _aSocio-legal discourses of human trafficking : cases adjudicated by the supreme court of India
260 _aBangaloreBangalore
_bNLSIU, Bangalore
_c2023 - 2024
300 _a35 p. ; 25 cm.
700 _aDr. Debangana Chatterjee - SupervisorDr. Debangana Chatterjee - Supervisor
856 _uhttps://dans.nls.ac.in/handle/123456789/2188
999 _c217692
_d217692